000 00607nam a2200229Ia 4500
003 OSt
005 20221007081102.0
006 a|||||r|||| 00| 0
007 ta
008 221006b |||||||| |||| 00| 0 eng d
024 _a15,348
037 _cTextual
040 _aFLL
_cFLL
_beng
041 _2eng
_aeng
082 _aX:Z73, K3
100 _aLusk Harold F. Au.
_9696356
245 0 _aBusiness law principles and cases
260 _aNew York
_bOceana Pub. U.S.A.
_c1963
300 _a1200p
_ccm.
942 _hX:Z73, K3
_cTEXL
_2CC
999 _c1161958
_d1161958